| 000 | 00878nam0a22002891 4500 | ||
|---|---|---|---|
| 001 | RU\INGAK2\INFOCOMM_322\NLR\5000132474 | ||
| 005 | 20250625202644.0 | ||
| 035 | _a(NLR Aleph) 011030140 | ||
| 090 |
_a11105931 _c11105931 |
||
| 100 | _a20130109d1980 |||y0rusy50 ca | ||
| 101 | 1 |
_aeng _crus |
|
| 102 | _aRU | ||
| 105 | _ay z|||| | ||
| 200 | 1 |
_aKarl Marx _eA brief biogr. sketch with an expos. of Marxism _fLenin |
|
| 210 |
_aM. _cProgress _d1980 |
||
| 215 |
_a47 с. _d20 см |
||
| 300 | _aЗагл. ориг.: Карл Маркс | ||
| 454 | 0 |
_12001#$aКарл Маркс _tКарл Маркс |
|
| 620 | _aМосква | ||
| 686 |
_aА156 _2rubbk |
||
| 700 | 1 |
_aLenin _bV. I. _f1870-1924 _gVladimir Il'ič |
|
| 702 | 1 |
_aMarx _bK. _f1818-1883 _gKarl _4570 |
|
| 801 | 1 |
_aRU _bInfoComm _c20130109 |
|
| 801 | 0 |
_aRU _bNLR _gPSBO |
|
| 852 |
_aNLR _jЛ 102-14/2-9 |
||
| 942 | _cBOOK | ||
| 980 | _aNB | ||